LEADER 00832nem2 2200313 450 001 990009578440403321 005 20120523115107.0 035 $a000957844 035 $aFED01000957844 035 $a(Aleph)000957844FED01 035 $a000957844 100 $a20120523d1917----km-y0itay50------ba 101 0 $aita 102 $aIT 120 $ab------------ 121 $aaa-aa---- 123 1 $aa$b1:1400000 200 1 $aDa Milano a Zurigo pel San Gottardo$bDocumento cartografico 206 $a1:1400000 210 $aTorino$cParavia$d1917 215 $a1 carta$ccolor.$d7 x 16 cm 461 0$1001000326587$12001$v3 610 0 $aAlpi$aCarte 801 0$aIT$bUNINA$gRICA$2UNIMARC 901 $aMP 912 $a990009578440403321 959 $aILFGE 996 $aDa Milano a Zurigo pel San Gottardo$9846726 997 $aUNINA